<?xml version="1.0" encoding="UTF-8"?>
<record
    xmlns:xsi="http://www.w3.org/2001/XMLSchema-instance"
    xsi:schemaLocation="http://www.loc.gov/MARC21/slim http://www.loc.gov/standards/marcxml/schema/MARC21slim.xsd"
    xmlns="http://www.loc.gov/MARC21/slim">

  <leader>00681nab a2200169 i 4500</leader>
  <controlfield tag="001">190393</controlfield>
  <controlfield tag="003">ES-MaACL</controlfield>
  <controlfield tag="005">20250704062552.0</controlfield>
  <controlfield tag="008">210122s2016    sp            000 0 spa d</controlfield>
  <datafield tag="100" ind1="1" ind2=" ">
    <subfield code="a">D&#xED;ez Torre, Alejandro R.</subfield>
    <subfield code="9">44776</subfield>
  </datafield>
  <datafield tag="245" ind1="1" ind2="0">
    <subfield code="a">Hacia una universidad libre de Madrid en el Ateneo de Madrid (1820-1906) / </subfield>
    <subfield code="c">Alejandro D&#xED;ez Torre.</subfield>
  </datafield>
  <datafield tag="610" ind1="2" ind2="4">
    <subfield code="a">Ateneo de Madrid-</subfield>
    <subfield code="v">Historia</subfield>
    <subfield code="9">1925</subfield>
  </datafield>
  <datafield tag="650" ind1=" " ind2="4">
    <subfield code="a">Universidades-</subfield>
    <subfield code="z">Espa&#xF1;a-</subfield>
    <subfield code="x">Historia.</subfield>
    <subfield code="9">227170</subfield>
  </datafield>
  <datafield tag="773" ind1="0" ind2=" ">
    <subfield code="t">Historia universitaria de Espa&#xF1;a y Am&#xE9;rica,</subfield>
    <subfield code="d">Alcal&#xE1; de Henares : Universidad de Alcal&#xE1;, [2016],</subfield>
    <subfield code="z">ISBN 9788416978069,</subfield>
    <subfield code="g">p. 337-384</subfield>
    <subfield code="0">188871</subfield>
    <subfield code="w">188871</subfield>
    <subfield code="9">196005</subfield>
  </datafield>
  <datafield tag="942" ind1=" " ind2=" ">
    <subfield code="c">ANAM</subfield>
    <subfield code="2">udc</subfield>
  </datafield>
  <datafield tag="999" ind1=" " ind2=" ">
    <subfield code="c">190393</subfield>
    <subfield code="d">190393</subfield>
  </datafield>
</record>
